Quizz sur les Dieux Romains - Choix multiples - Statistiques

Statistiques générales
  • Ce quiz a été pris 176 fois
    162 depuis la dernière actualisation
  • Le résultat moyen est 10 sur 12
Statistiques - réponses
Question Réponse % Correct
Quel dieu est le patron des festivités et du vin ? Bacchus
94%
Quel dieu est connu pour son trident et son contrôle sur les mers ? Neptune
94%
Qui est le roi des dieux romains ? Jupiter
93%
Quel dieu est connu pour être le messager des dieux ? Mercure
93%
Qui est la déesse de l’amour et de la beauté ? Venus
93%
Qui est la déesse de l’agriculture et des moissons ? Cérès
89%
Qui est le dieu du feu et de la forge ? Vulcain
89%
Quelle déesse est associée à la chasse et à la lune ? Diane
81%
Quelle déesse est associée à la sagesse et à la guerre ? Minerve
81%
Quelle déesse est la reine des dieux et protectrice du mariage ? Junon
76%
Quel dieu est associé au soleil et aux arts ? Apollon
70%
Quel dieu est souvent représenté avec des ailes aux pieds ? Mercure
63%
Aucun quiz correspondant
Distribution des résultats
% des personnes avec chaque résultat
Percentile par nombre de réponses
Votre historique - résultats
Vous n’avez pas pris ce quiz depuis la dernière actualisation